Hatékony szállodai foglalásmenedzsment automatizáció és a mesterséges intelligencia segítségével

Bibliográfiai részletek
Szerző: Orosz Barnabás
További közreműködők: Rézmányi Zsolt
Dokumentumtípus: Projektmunka
Kulcsszavak:automatizáció - automatizálás
informatika
menedzsment
mesterséges intelligencia
szállodaipar
Online Access:http://dolgozattar.uni-bge.hu/59816

MARC

LEADER 00000nnm a2200000 i 4500
001 dolg59816
005 20260409145612.0
008 260409suuuu hu o 000 hun d
040 |a BGE Dolgozattár Repozitórium  |b hun 
041 |a hu 
100 1 |a Orosz Barnabás 
245 1 0 |a Hatékony szállodai foglalásmenedzsment automatizáció és a mesterséges intelligencia segítségével  |c Orosz Barnabás  |h [elektronikus dokumentum] 
516 |a Project_work 
520 3 |a A foglalásmenedzsment a modern szállodaipar stratégiai központja, amely közvetlenül befolyásolja a pénzügyi teljesítményt és a vendégelégedettséget. A technológiai fejlődés, különösen a mesterséges intelligencia (AI) térnyerése és az automatizáció, jelentős átalakulást hoz a szállodaipar területén. A dolgozatban bemutatott Danubius Hotels példája is azt mutatja, hogy az automatizált megoldások, mint például a Microsoft Dynamics és a VCC rendszer bevezetése, már érezhetően növelték a központi szobafoglalás (CRO) hatékonyságát, egyszerűsítették a munkafolyamatokat és javították az adatok kezelését. Azonban a vendéglevelezés és az egyedi ajánlatok készítése továbbra is jelentős manuális munkát igényelnek. A mesterséges intelligencia megjelenése új távlatokat nyit a foglalásmenedzsmentben. A Danubius Hotels már megkezdte az AI integrációját a vendégvélemények területén, ami jelentős időmegtakarítást és hatékonyságnövekedést eredményezett. Azonban a komplexebb feladatok, mint az egyedi ajánlatok írása, a jelenlegi AI technológia fejlettségi szintje mellett még emberi beavatkozást igényelnek. 
695 |a automatizáció - automatizálás 
695 |a informatika 
695 |a menedzsment 
695 |a mesterséges intelligencia 
695 |a szállodaipar 
700 1 |a Rézmányi Zsolt  |e ths 
856 4 0 |u http://dolgozattar.uni-bge.hu/59816/1/Projektmunka.pdf  |z Dokumentum-elérés 
856 4 0 |u http://dolgozattar.uni-bge.hu/59816/2/Projektmunka%20b%C3%ADr%C3%A1lati%20lap_Orosz%20Barnab%C3%A1s.pdf  |z Dokumentum-elérés